[Event "Detroit (MI Women/2/7)"]
[Site "?"]
[Date "1996.??.??"]
[Round "?"]
[White "Maldonado, Diana"]
[Black "Dezerne, T."]
[Result "0-1"]
[WhiteElo "1605"]
[BlackElo "1605"]
[PlyCount "82"]
[EventDate "1996.??.??"]

{2/(7)} 1. e4 e5 2. d3 Bc5 3. c3 Nf6 4. Nf3 Nc6 5. Be2 d6 6. O-O Ng4 7. Qe1 O-O
8. a4 Be6 9. a5 f5 10. h3 Bxf2+ 11. Rxf2 Nxf2 12. Qxf2 fxe4 13. dxe4 Rf7 14.
Ng5 Bd7 15. Nxf7 Qe7 16. Nh6+ Kh8 17. Bc4 Rf8 18. Qg3 Qf6 19. Bg5 Qg6 20. Nf5
Bxf5 21. Bd3 Be6 22. Nd2 a6 23. Nf3 Nxa5 24. Nh4 Qe8 25. Rxa5 h6 26. Ng6+ Qxg6
27. Bf4 Qh5 28. Be3 Qd1+ 29. Kh2 Qxd3 30. Ra1 Qxe4 31. Rh1 d5 32. Rg1 d4 33.
Qg6 Qxg6 34. g4 dxe3 35. g5 Bd5 36. b3 hxg5 37. c4 Rf2+ 38. Rg2 Bxg2 39. Kg1
Qf5 40. Kh2 Qxh3+ 41. Kg1 Rf1# 0-1

[Event "Detroit (MI Action/6/22)"]
[Site "?"]
[Date "1996.??.??"]
[Round "?"]
[White "Mahaffy, Mike"]
[Black "Powell, Chris"]
[Result "1-0"]
[WhiteElo "1605"]
[BlackElo "1605"]
[PlyCount "51"]
[EventDate "1996.??.??"]

{6/(22)} 1. e4 c6 2. Bc4 d5 3. exd5 b5 4. Bb3 cxd5 5. Nc3 g6 6. Bxd5 f5 7. Bxa8
Nd7 8. Nxb5 Ba6 9. Qf3 h5 10. Nxa7 Rh7 11. d3 Rf7 12. Bd5 e6 13. Bc6 Rf6 14.
Bf4 Bh6 15. Bxh6 Nxh6 16. O-O-O f4 17. Bxd7+ Qxd7 18. Qa8+ Kf7 19. Nf3 Rf5 20.
c3 Ng4 21. Rhf1 Bxd3 22. Rfe1 Qa4 23. Rxd3 Nxf2 24. Qb7+ Kf6 25. Rd7 Qxa2 26.
Rf7# 1-0

[Event "Detroit (MI Action/4/22)"]
[Site "?"]
[Date "1996.??.??"]
[Round "?"]
[White "Mahaffy, Mike"]
[Black "Frantz, John C"]
[Result "1-0"]
[WhiteElo "1605"]
[BlackElo "1605"]
[PlyCount "37"]
[EventDate "1996.??.??"]

{4/(22)} 1. e4 c5 2. Bc4 e6 3. Nf3 Nf6 4. d3 d5 5. exd5 exd5 6. Bb5+ Bd7 7.
Bxd7+ Nbxd7 8. Bg5 h6 9. Bh4 Qe7+ 10. Kf1 c4 11. dxc4 dxc4 12. Na3 Nb8 13. b3
Qxa3 14. Qe1+ Be7 15. Rd1 Qxa2 16. Qe2 Nc6 17. Re1 g5 18. Nd4 Nxd4 19. Qxe7#
1-0

[Event "Detroit (Class DE/4/18)"]
[Site "?"]
[Date "1996.??.??"]
[Round "?"]
[White "Mahabir, Naresh"]
[Black "Ware, C."]
[Result "0-1"]
[WhiteElo "1605"]
[BlackElo "1605"]
[PlyCount "84"]
[EventDate "1996.??.??"]

{4/(18)} 1. e4 e6 2. d4 d5 3. e5 c5 4. c3 a6 5. Nf3 Nc6 6. Be3 Qb6 7. Qd2 Nge7
8. g3 Bd7 9. Bg2 Nf5 10. O-O Be7 11. Na3 O-O 12. Rab1 h6 13. Nc2 Rac8 14. Bh3
Nxe3 15. fxe3 f5 16. exf6 Bxf6 17. b3 Qd8 18. Qd3 b5 19. Qg6 Be8 20. Qd3 Qe7
21. Ne5 Nxe5 22. dxe5 Bxe5 23. Rxf8+ Kxf8 24. Qh7 Qf7 25. Rf1 Bf6 26. Qd3 Rd8
27. e4 c4 28. Qe3 Kg8 29. exd5 Kh8 30. Qxe6 Qa7+ 31. Kg2 Bf7 32. Qf5 Bxd5+ 33.
Rf3 Bxf3+ 34. Kxf3 Qb7+ 35. Kf2 Rd2+ 36. Kg1 Qb6+ 37. Kh1 Qc6+ 38. Kg1 cxb3 39.
axb3 Qxc3 40. Qg6 Re2 41. Bf5 Qc5+ 42. Kf1 Qf2# 0-1

[Event "Detroit (Class DE/2/19)"]
[Site "?"]
[Date "1996.??.??"]
[Round "?"]
[White "Mahabir, Naresh"]
[Black "Sturgis, Derreck"]
[Result "0-1"]
[WhiteElo "1605"]
[BlackElo "1605"]
[PlyCount "58"]
[EventDate "1996.??.??"]

{2/(19)} 1. e4 c5 2. Nf3 Nc6 3. d4 cxd4 4. Nxd4 Nf6 5. Nc3 d6 6. Bg5 e5 7. Nxc6
bxc6 8. Bd3 Be7 9. O-O O-O 10. Qf3 Bg4 11. Qg3 Be6 12. Bh6 Nh5 13. Qf3 Nf6 14.
Qg3 Ng4 15. Be3 Nxe3 16. Qxe3 d5 17. Rfd1 d4 18. Qf3 dxc3 19. bxc3 Qc8 20. Qe2
Qc7 21. Rab1 Bxa2 22. Rb2 Be6 23. Ba6 Rab8 24. Rxb8 Rxb8 25. Bc4 Bxc4 26. Qxc4
Qb6 27. Qa2 Qb2 28. Rb1 Qxb1+ 29. Qxb1 Rxb1# 0-1

[Event "Detroit (MI Action/3/11)"]
[Site "?"]
[Date "1996.??.??"]
[Round "?"]
[White "Mahabir, Naresh"]
[Black "Iyer, Krishnan"]
[Result "0-1"]
[WhiteElo "1605"]
[BlackElo "2725"]
[PlyCount "90"]
[EventDate "1996.??.??"]

{3/(11)} 1. e4 c5 2. Nf3 Nc6 3. d4 cxd4 4. Nxd4 Nf6 5. Nc3 a6 6. Bd3 d6 7. O-O
e6 8. f4 Nxd4 9. Be3 Nc6 10. e5 dxe5 11. fxe5 Nxe5 12. Bg5 Nxd3 13. cxd3 Qd4+
14. Kh1 Be7 15. Qa4+ Qxa4 16. Nxa4 Bd7 17. Nc3 Bc6 18. Kg1 Bc5+ 19. Kh1 Ng4 20.
Nd1 f6 21. Bh4 O-O-O 22. Rc1 Ba7 23. a4 Kb8 24. Bg3+ e5 25. h3 Rxd3 26. Nf2
Nxf2+ 27. Bxf2 Rxh3+ 28. Kg1 Bxf2+ 29. Rxf2 Rd3 30. Rfc2 Rhd8 31. b4 Rd1+ 32.
Kh2 Rxc1 33. Rxc1 Rd2 34. b5 axb5 35. axb5 Bxb5 36. Rg1 Bc6 37. Kh3 Rxg2 38.
Rxg2 Bxg2+ 39. Kxg2 b5 40. Kf2 b4 41. Ke3 b3 42. Kd2 h5 43. Kc3 h4 44. Kxb3 h3
45. Kc2 h2 0-1

[Event "Detroit (WCO/2/27)"]
[Site "?"]
[Date "1996.??.??"]
[Round "?"]
[White "Mahabir, Naresh"]
[Black "Goerke, Daniel"]
[Result "1/2-1/2"]
[WhiteElo "1605"]
[BlackElo "1605"]
[PlyCount "84"]
[EventDate "1996.??.??"]

{2/(27)} 1. e4 e5 2. Nf3 Nc6 3. Bc4 d6 4. h3 Nd4 5. Nxd4 exd4 6. d3 Nf6 7. c3
dxc3 8. Nxc3 c6 9. Bg5 Be7 10. O-O d5 11. Bxf6 Bxf6 12. exd5 Bxc3 13. bxc3 cxd5
14. Bb3 O-O 15. Bc2 d4 16. c4 b6 17. f3 h6 18. Re1 Bf5 19. Ba4 Bd7 20. Bxd7
Qxd7 21. Qc2 Rfc8 22. Re2 b5 23. Rd1 bxc4 24. dxc4 Rd8 25. Red2 f6 26. Rd3 Rac8
27. R1d2 Re8 28. Kf2 Qc6 29. Rd1 Qxc4 30. Qxc4+ Rxc4 31. Rxd4 Rc2+ 32. Kg3 Rxa2
33. Rd6 Re5 34. Rd8+ Kh7 35. h4 Ree2 36. Rg1 a5 37. Ra8 a4 38. Ra7 Kg8 39. Ra8+
Kh7 40. Ra7 Kg8 41. Ra8+ Kh7 42. Ra7 Kg8 1/2-1/2

[Event "Detroit (MI Action/1/7)"]
[Site "?"]
[Date "1996.??.??"]
[Round "?"]
[White "Mahabir, Jagdesh"]
[Black "al-Shareef, Robert"]
[Result "0-1"]
[WhiteElo "1605"]
[BlackElo "1670"]
[PlyCount "98"]
[EventDate "1996.??.??"]

{1/(7)} 1. e4 c5 2. Nf3 d6 3. d4 cxd4 4. Nxd4 Nf6 5. Nc3 a6 6. Bc4 e6 7. Bg5
Qc7 8. Bb3 Be7 9. f4 b5 10. Nce2 Nxe4 11. Bxe7 Qxe7 12. c3 Bb7 13. Nf3 Nd7 14.
Ned4 Qf6 15. Qe2 Ndc5 16. O-O O-O 17. Bc2 Qxf4 18. b4 Nxc3 19. Qd2 Qxd2 20.
Nxd2 N5e4 21. Nxe4 Nxe4 22. Rfe1 Nf6 23. Rad1 Rac8 24. Re2 Nd5 25. Rdd2 Nxb4
26. a3 Nxc2 27. Rxc2 Rxc2 28. Rxc2 Rc8 29. Rxc8+ Bxc8 30. Nc6 Kf8 31. Kf2 f5
32. h3 g5 33. g4 f4 34. Kf3 Bb7 35. Ke2 Bxc6 36. Kf2 e5 37. Ke2 e4 38. Kd2 d5
39. Kc3 e3 40. Kd3 d4 41. Ke2 f3+ 42. Ke1 d3 43. Kd1 f2 44. Kc1 f1=Q+ 45. Kb2
Qe1 46. Kb3 Bd5+ 47. Kb2 Qd2+ 48. Kb1 e2 49. Ka1 e1=R# 0-1

[Event "Detroit (Class C/3/12)"]
[Site "?"]
[Date "1996.??.??"]
[Round "?"]
[White "Mahabir, Jagdesh"]
[Black "Strong, A."]
[Result "1-0"]
[WhiteElo "1605"]
[BlackElo "1605"]
[PlyCount "32"]
[EventDate "1996.??.??"]

{3/(12)} 1. d4 d5 2. e3 Nf6 3. Bd3 e6 4. Nd2 c6 5. f4 Nbd7 6. Ngf3 Qc7 7. Ne5
Bd6 8. Ndf3 Bxe5 9. Nxe5 h6 10. O-O Nxe5 11. fxe5 Nh7 12. e4 O-O 13. exd5 exd5
14. Qh5 Be6 15. Bxh7+ Kxh7 16. Bxh6 gxh6 {[Remainder illegible; 1-0, 21?]} 1-0

[Event "Detroit (Class C/5/11)"]
[Site "?"]
[Date "1996.??.??"]
[Round "?"]
[White "Mahabir, Jagdesh"]
[Black "Belill, Mike"]
[Result "1/2-1/2"]
[WhiteElo "1605"]
[BlackElo "1605"]
[PlyCount "160"]
[EventDate "1996.??.??"]

{5/(11)} 1. d4 Nf6 2. e3 d5 3. Bd3 g6 4. Nd2 Bg7 5. c3 O-O 6. Ngf3 Bg4 7. h3
Bd7 8. Ne5 Be6 9. O-O Nbd7 10. f4 Nxe5 11. fxe5 Nd7 12. Nf3 c5 13. Ng5 c4 14.
Nxe6 fxe6 15. Rxf8+ Qxf8 16. Qg4 Nxe5 17. Qxe6+ Qf7 18. Qxf7+ Kxf7 19. Be2 Nc6
20. Bf3 e6 21. Bd2 b5 22. Rf1 Ke7 23. e4 dxe4 24. Bxe4 Rc8 25. Bg5+ Ke8 26. Rf3
Ne7 27. Bf6 Bh6 28. Bxe7 Kxe7 29. Rf1 Rc7 30. Re1 Kd6 31. Rf1 Bg7 32. Rf4 e5
33. dxe5+ Bxe5 34. Rf8 Kc5 35. Rd8 Bd6 36. b3 cxb3 37. axb3 b4 38. cxb4+ Kxb4
39. Rxd6 Kxb3 40. Ra6 Re7 41. Bd3 Kc3 42. Bf1 Rf7 43. g3 Kd4 44. Kg2 Ke3 45.
Ra3+ Kd4 46. Rf3 Rxf3 47. Kxf3 a5 48. Ba6 a4 49. Bc8 a3 50. Be6 Ke5 51. Ba2 Kf5
52. Ke3 g5 53. Bb1+ Ke5 54. Kd3 h5 55. Kc3 h4 56. gxh4 gxh4 57. Bg6 Kf4 58. Bh5
Kg5 59. Bg4 Kf4 60. Kb3 Ke3 61. Kxa3 Kf4 62. Kb4 Ke5 63. Kc4 Kf6 64. Kd5 Kg7
65. Ke4 Kg6 66. Kf4 Kf6 67. Bh5 Kg7 68. Kg4 Kh6 69. Kxh4 Kh7 70. Kg5 Kg7 71.
Be8 Kh7 72. Kf6 Kh8 73. Kf7 Kh7 74. Kf8 Kh8 75. Bf7 Kh7 76. Bg8+ Kh8 77. Bf7
Kh7 78. h4 Kh8 79. h5 Kh7 80. Bg6+ Kh8 1/2-1/2

[Event "Detroit (Class DE/3/20)"]
[Site "?"]
[Date "1996.??.??"]
[Round "?"]
[White "Lueer, Michael"]
[Black "Young, L."]
[Result "0-1"]
[WhiteElo "1605"]
[BlackElo "1605"]
[PlyCount "80"]
[EventDate "1996.??.??"]

{3/(20)} 1. d4 c6 2. Nc3 d5 3. e4 dxe4 4. f3 e5 5. dxe5 Qxd1+ 6. Nxd1 f5 7.
fxe4 Nd7 8. e6 Ndf6 9. exf5 Nh6 10. Bd3 g6 11. Bxh6 Bxh6 12. Nf3 gxf5 13. Bxf5
Rg8 14. O-O Bg7 15. Ng5 h6 16. Nf7 Nd5 17. Nd6+ Ke7 18. Nxc8+ Raxc8 19. Nc3 Ne3
20. Rf3 Nxf5 21. Rxf5 Rgf8 22. Rxf8 Rxf8 23. Re1 Bd4+ 24. Kh1 Rf2 25. h4 Rxc2
26. Na4 b5 27. Re4 Bf2 28. Nc3 Rxb2 29. g4 Bxh4 30. a4 a6 31. axb5 axb5 32. Ne2
Rb1+ 33. Kg2 Rb2 34. Kh3 Bf6 35. Nf4 Rc2 36. Ng6+ Ke8 37. Rd4 Bxd4 38. Kh4 Rh2+
39. Kg3 Ra2 40. Kf4 b4 0-1

[Event "Flint (MI Jr/5/12)"]
[Site "?"]
[Date "1996.??.??"]
[Round "?"]
[White "Luckett, A."]
[Black "McKnight, Rusty"]
[Result "1-0"]
[WhiteElo "1605"]
[BlackElo "1605"]
[PlyCount "87"]
[EventDate "1996.??.??"]

{5/(12)} 1. e4 e5 2. Nf3 d6 3. Nc3 Bg4 4. Be2 Be7 5. h3 Bh5 6. g4 Bg6 7. Bc4 h6
8. h4 Nf6 9. Qe2 Nxg4 10. h5 Bh7 11. Rg1 Nf6 12. Rxg7 c6 13. d4 Nxh5 14. Bxf7+
Kf8 15. Rxh7 Rxh7 16. Bxh5 Bg5 17. Nxg5 hxg5 18. Qf3+ Kg8 19. Qg4 Qf8 20. Bxg5
Rg7 21. Qe6+ Rf7 22. Bxf7+ Qxf7 23. Qc8+ Qf8 24. Qxb7 Na6 25. Qxa6 Qg7 26. Qxc6
Rf8 27. f4 exf4 28. Qd5+ Kh8 29. O-O-O Rf7 30. Bxf4 Kg8 31. Be3 Kf8 32. Qxd6+
Ke8 33. Qb8+ Ke7 34. Qxa7+ Ke8 35. Qb8+ Kd7 36. Qb5+ Ke6 37. d5+ Ke7 38. d6+
Kd8 39. Qb6+ Kd7 40. Qc7+ Ke6 41. d7 Rxd7 42. Rd6+ Ke5 43. Rxd7+ Ke6 44. Qd6#
1-0

[Event "Flint (MI Jr/2/8)"]
[Site "?"]
[Date "1996.??.??"]
[Round "?"]
[White "Luckett, A."]
[Black "Fredenburg, Jeff"]
[Result "1-0"]
[WhiteElo "1605"]
[BlackElo "1605"]
[PlyCount "119"]
[EventDate "1996.??.??"]

{2/(8)} 1. e4 c5 2. Nf3 e6 3. d4 cxd4 4. Nxd4 g6 5. Be3 Nf6 6. Nc3 Bb4 7. Bg5
h6 8. Bd2 Bxc3 9. Bxc3 Nxe4 10. Qf3 Nxc3 11. Qxc3 O-O 12. Bd3 b5 13. Be4 d5 14.
Nc6 Nxc6 15. Qxc6 Bd7 16. Qb7 dxe4 17. O-O-O Qc8 18. Rxd7 Qxb7 19. Rxb7 Rfd8
20. Re1 Rd4 21. c3 Rd5 22. Rxe4 Rad8 23. Re2 a5 24. Ra7 b4 25. c4 Rc5 26. Rd2
Rdc8 27. b3 R8c7 28. Rd8+ Kh7 29. Rda8 Rxa7 30. Rxa7 Kg7 31. Rb7 e5 32. Rb5 Rc7
33. Rxa5 Rb7 34. Rb5 Ra7 35. Kb2 Rd7 36. Rd5 Rxd5 37. cxd5 Kf6 38. a3 bxa3+ 39.
Kxa3 e4 40. Kb4 Ke5 41. Kc4 Kd6 42. b4 f5 43. g3 g5 44. Kd4 h5 45. b5 h4 46.
gxh4 gxh4 47. b6 h3 48. b7 Kc7 49. Ke5 Kxb7 50. Kxf5 Kc7 51. Kxe4 Kd6 52. f4
Ke7 53. Ke5 Kf7 54. d6 Ke8 55. f5 Kd7 56. f6 Ke8 57. Ke6 Kf8 58. d7 Kg8 59. f7+
Kh7 60. d8=Q 1-0

[Event "Flint (MI Jr/4/7)"]
[Site "?"]
[Date "1996.??.??"]
[Round "?"]
[White "Luckett, A."]
[Black "Aldrich, Justin"]
[Result "0-1"]
[WhiteElo "1605"]
[BlackElo "1605"]
[PlyCount "78"]
[EventDate "1996.??.??"]

{4/(7)} 1. e4 e5 2. Nf3 d6 3. Bc4 Bg4 4. h3 Bh5 5. Nc3 Be7 6. g4 Bg6 7. h4 Nf6
8. Qe2 h6 9. h5 Bh7 10. g5 Ng8 11. Bxf7+ Kxf7 12. g6+ Ke8 13. gxh7 Rxh7 14. Qc4
Kf8 15. Nd5 Nc6 16. Nxe7 Qxe7 17. Qb5 Rb8 18. d4 exd4 19. Qf5+ Nf6 20. Rh4 Re8
21. Rf4 d5 22. Qxh7 dxe4 23. Nd2 e3 24. Ne4 Qb4+ 25. c3 dxc3 26. Rxf6+ gxf6 27.
Qxh6+ Ke7 28. Nxc3 exf2+ 29. Kxf2 Qh4+ 30. Kg2 Rg8+ 31. Kf1 Qh3+ 32. Ke1 Rg1+
33. Kd2 Qd7+ 34. Ke2 Qg4+ 35. Kd2 Qd4+ 36. Kc2 Qf2+ 37. Kb3 Na5+ 38. Ka4 Rg4+
39. Kxa5 Qb6# 0-1

[Event "Detroit (Class A/2/7)"]
[Site "?"]
[Date "1996.??.??"]
[Round "?"]
[White "Lubben, Don"]
[Black "Sobocinski, Mike"]
[Result "1-0"]
[WhiteElo "1880"]
[BlackElo "1965"]
[PlyCount "79"]
[EventDate "1996.??.??"]

{2/(7)} 1. e4 c6 2. d4 d5 3. Nc3 dxe4 4. Nxe4 Bf5 5. Ng3 Bg6 6. Nf3 Nd7 7. Bd3
Ngf6 8. O-O e6 9. Re1 Be7 10. c4 Qc7 11. Qc2 Bxd3 12. Qxd3 Rd8 13. Qc3 O-O 14.
Nf5 exf5 15. Rxe7 Qd6 16. Re1 Ne4 17. Qc2 Rfe8 18. g3 Nf8 19. Bf4 Qd7 20. Rad1
Ng6 21. Ne5 Nxe5 22. dxe5 Qe7 23. f3 Ng5 24. Bxg5 Qxg5 25. f4 Qe7 26. Rxd8 Rxd8
27. Rd1 g6 28. b3 Qc5+ 29. Kf1 Qa5 30. Rd6 Kf8 31. b4 Qc7 32. c5 Ke7 33. Qd2
Ke8 34. Qd4 h5 35. e6 Ke7 36. exf7 Qxd6 37. cxd6+ Kxf7 38. Qxa7 Rxd6 39. Qxb7+
Ke6 40. a4 1-0

[Event "Kalamazoo (MI Am/2/15)"]
[Site "?"]
[Date "1996.??.??"]
[Round "?"]
[White "Lubben, Don"]
[Black "Smith, Les L"]
[Result "1-0"]
[WhiteElo "1875"]
[BlackElo "1980"]
[PlyCount "127"]
[EventDate "1996.??.??"]

{2/(15)} 1. e4 c5 2. Nf3 Nc6 3. d4 cxd4 4. c3 Nf6 5. e5 Nd5 6. cxd4 e6 7. a3
Qa5+ 8. Bd2 Qb6 9. Bc3 d6 10. Bc4 Nce7 11. O-O Bd7 12. Nbd2 Nxc3 13. bxc3 d5
14. Bb3 Rc8 15. c4 Bc6 16. Rb1 Qa5 17. Re1 Nf5 18. cxd5 Bxd5 19. Bxd5 Qxd5 20.
Qa4+ Qc6 21. Qxa7 Be7 22. Rxb7 O-O 23. Rxe7 Nxe7 24. Qxe7 Ra8 25. Ne4 h6 26. h3
Rfe8 27. Qd6 Qc4 28. Qc5 Qa2 29. Nd6 Rf8 30. Re3 Rab8 31. Rc3 Rb2 32. Ne4 Rb1+
33. Kh2 Qe2 34. Nfd2 Ra1 35. Rg3 g6 36. Nf6+ Kg7 37. Nde4 Qd1 38. Rg4 Rh8 39.
Qc7 Qg1+ 40. Kg3 Rxa3+ 41. Kh4 Rf8 42. Nh5+ Kh8 43. Rxg6 Rxh3+ 44. Kxh3 Qh1+
45. Kg4 Qxg2+ 46. Neg3 Qxf2 47. Rxh6+ Kg8 48. Nf6+ Kg7 49. Rh7+ Kg6 50. Qc6
Qxd4+ 51. Qe4+ Qxe4+ 52. Ngxe4 Ra8 53. Rh5 Ra1 54. Rg5+ Kh6 55. Ng8+ Kh7 56.
Nef6+ Kh8 57. Ne7 Rg1+ 58. Kf4 Rf1+ 59. Ke3 Re1+ 60. Kf2 Rf1+ 61. Ke3 Re1+ 62.
Kd4 Rd1+ 63. Kc5 Rd2 64. Rg8# 1-0

[Event "Kalamazoo (MI Am/3/8)"]
[Site "?"]
[Date "1996.??.??"]
[Round "?"]
[White "Lubben, Don"]
[Black "Garrison, Ray"]
[Result "0-1"]
[WhiteElo "1875"]
[BlackElo "1940"]
[PlyCount "92"]
[EventDate "1996.??.??"]

{3/(8)} 1. e4 d6 2. d4 Nf6 3. Nc3 c6 4. Nf3 Bg4 5. Bc4 b5 6. Bd3 Qa5 7. Bd2 b4
8. Nb1 Qb6 9. c3 a5 10. h3 Bxf3 11. Qxf3 e6 12. O-O Be7 13. Re1 Nbd7 14. Be3
bxc3 15. b3 a4 16. Nxc3 axb3 17. Rab1 b2 18. Qe2 Rb8 19. Qc2 d5 20. e5 Ng8 21.
Re2 Ba3 22. Na4 Qa7 23. Qxc6 Ne7 24. Qc2 O-O 25. Nxb2 Rfc8 26. Qa4 Qxa4 27.
Nxa4 Ra8 28. Nb6 Nxb6 29. Rxb6 Rc3 30. Rb3 Rac8 31. Bb5 Nf5 32. Bd7 Rxb3 33.
axb3 Rc3 34. Ba4 Rd3 35. Rd2 Rxd2 36. Bxd2 Nxd4 37. b4 Kf8 38. b5 Ke7 39. f4
Kd8 40. Kf2 Kc7 41. g4 Kb6 42. Ke3 Nxb5 43. Kd3 Kc5 44. Bd1 Bb4 45. Be3+ d4 46.
Bc1 {[Remainder illegible; 0-1, 48?]} Ba3 0-1

[Event "Detroit (Class A/5/5)"]
[Site "?"]
[Date "1996.??.??"]
[Round "?"]
[White "Lubben, Don"]
[Black "Gaiefsky, Mike"]
[Result "1-0"]
[WhiteElo "1880"]
[BlackElo "1840"]
[PlyCount "135"]
[EventDate "1996.??.??"]

{5/(5)} 1. e4 c5 2. Nf3 Nc6 3. d4 cxd4 4. Nxd4 Nf6 5. Nc3 a6 6. Bc4 e6 7. Bg5
Be7 8. O-O b5 9. Nxc6 dxc6 10. Qxd8+ Bxd8 11. Bd3 O-O 12. Rad1 h6 13. Bf4 Be7
14. Rfe1 Bb7 15. Rd2 c5 16. f3 Rfd8 17. Red1 Rd7 18. Be2 Rad8 19. Rxd7 Rxd7 20.
Rxd7 Nxd7 21. Kf2 Bf6 22. Nd1 c4 23. b3 cxb3 24. axb3 Bd4+ 25. Be3 e5 26. Bxd4
exd4 27. Ke1 Nc5 28. Nb2 Nxe4 29. fxe4 Bxe4 30. Kd2 Bxg2 31. Kd3 f5 32. Kxd4 g5
33. Ke3 f4+ 34. Kf2 Be4 35. c4 b4 36. c5 a5 37. Nc4 Kf8 38. Nxa5 Ke7 39. Nc4
Bd5 40. Bf3 Be6 41. Ne5 Bxb3 42. Nc6+ Kd7 43. Nxb4 Be6 44. Nd3 Kc7 45. Ne5 Kc8
46. Bh5 Kc7 47. Ke2 Bd5 48. Kd3 Be6 49. Kd4 Kc8 50. Nf7 g4 51. Nxh6 g3 52. hxg3
fxg3 53. Bf3 Kc7 54. Bg2 Kd7 55. Ke5 Bc4 56. Nf5 Ba6 57. Nxg3 Kc7 58. Nf5 Bc8
59. Nd4 Ba6 60. Ne6+ Kd7 61. c6+ Ke7 62. Nc5 Bc8 63. Kd5 Bg4 64. c7 Bc8 65. Kc6
Bg4 66. Bd5 Bh3 67. Be6 Bg2+ 68. Kb6 1-0

[Event "Kalamazoo (MI Am/5/12)"]
[Site "?"]
[Date "1996.??.??"]
[Round "?"]
[White "Lubben, Don"]
[Black "Brumley, Ron"]
[Result "0-1"]
[WhiteElo "1875"]
[BlackElo "1605"]
[PlyCount "86"]
[EventDate "1996.??.??"]

{5/(12)} 1. e4 d5 2. exd5 Nf6 3. d4 Nxd5 4. c4 Nf6 5. Nf3 c5 6. Nc3 Nc6 7. d5
Nb4 8. a3 Na6 9. Bd3 e6 10. Bg5 Be7 11. O-O Nxd5 12. cxd5 Bxg5 13. dxe6 Bxe6
14. Nxg5 Qxg5 15. Bb5+ Kf8 16. Qd6+ Qe7 17. Rad1 Nc7 18. Ba4 f6 19. Ne4 b6 20.
Qc6 Rd8 21. Rxd8+ Qxd8 22. Rd1 Qe7 23. h3 g6 24. Nxf6 Kg7 25. Ng4 Rc8 26. Re1
Rd8 27. Bb3 Rd6 28. Qb7 Qf7 29. Ne5 Qe7 30. Nc6 Qf7 31. Nd8 Rxd8 32. Bxe6 Nxe6
33. Qe4 Re8 34. Qe5+ Qf6 35. Qd6 Kf7 36. Qd2 Qg5 37. Qe2 Qe7 38. Qf3+ Qf6 39.
Qb7+ Re7 40. Qd5 Qf5 41. Qd2 Nd4 42. Rf1 Ne2+ 43. Kh2 Qf4+ 0-1

[Event "Detroit (MI Team/4/1/2)"]
[Site "?"]
[Date "1996.??.??"]
[Round "?"]
[White "Lou, M."]
[Black "Zaremba, Andrei"]
[Result "1/2-1/2"]
[WhiteElo "2310"]
[BlackElo "2135"]
[PlyCount "57"]
[EventDate "1996.??.??"]

{4/1} 1. d4 d5 2. c4 c6 3. Nf3 e6 4. Nc3 Nf6 5. Bg5 Be7 6. e3 O-O 7. Rc1 h6 8.
Bh4 Re8 9. Bd3 a6 10. O-O Nbd7 11. Qe2 b5 12. cxd5 cxd5 13. Bb1 Bb7 14. Qd3 Rc8
15. Ne5 Ne4 16. Bxe7 Qxe7 17. f3 Nef6 18. Ne2 Qd6 19. Nxd7 Qxd7 20. Ng3 Rc4 21.
b3 Rxc1 22. Rxc1 Rc8 23. Rc3 Rxc3 24. Qxc3 Qc6 25. Qxc6 Bxc6 26. Ne2 b4 27. Nc1
a5 28. Nd3 Nd7 29. Kf2 1/2-1/2

[Event "Detroit (MI Team/2/1/2)"]
[Site "?"]
[Date "1996.??.??"]
[Round "?"]
[White "Lou, M."]
[Black "Leone, P."]
[Result "1-0"]
[WhiteElo "2310"]
[BlackElo "2065"]
[PlyCount "115"]
[EventDate "1996.??.??"]

{2/1} 1. d4 Nf6 2. c4 e6 3. Nf3 Bb4+ 4. Bd2 Qe7 5. g3 b6 6. Bg2 Bb7 7. O-O Bxd2
8. Nbxd2 O-O 9. Qc2 c5 10. e4 cxd4 11. e5 Ng4 12. Ng5 Qxg5 13. Bxb7 Qh5 14. h4
Nc6 15. Bxa8 Rxa8 16. Qe4 Ngxe5 17. b4 f5 18. Qg2 Qe2 19. Rad1 Rc8 20. Rfe1 Qh5
21. a3 f4 22. Qe4 fxg3 23. fxg3 Ng4 24. Nf3 Ne3 25. Rc1 Rf8 26. Nxd4 Nxd4 27.
Rxe3 Nf5 28. Rf3 g5 29. hxg5 Qxg5 30. Qf4 Qg7 31. Re1 Nxg3 32. Qxf8+ Qxf8 33.
Rxf8+ Kxf8 34. Re5 Nf5 35. c5 Ne7 36. cxb6 axb6 37. Rh5 Ke8 38. Rxh7 Kd8 39.
Kf2 b5 40. Ke3 Nf5+ 41. Ke4 Kc7 42. Ke5 Nd6 43. Kd4 Kc6 44. Rh1 Nc4 45. a4 d5
46. a5 e5+ 47. Kd3 Nb2+ 48. Kc2 Nc4 49. Rh6+ Kc7 50. Rg6 e4 51. Kc3 e3 52. Kd4
Na3 53. Kxd5 e2 54. Re6 Nc2 55. Rxe2 Nxb4+ 56. Kc5 Nc6 57. a6 b4 58. Rh2 1-0

[Event "Detroit (MI Team/3/1/3)"]
[Site "?"]
[Date "1996.??.??"]
[Round "?"]
[White "Lou, M."]
[Black "Fuller, William"]
[Result "1-0"]
[WhiteElo "2310"]
[BlackElo "2040"]
[PlyCount "103"]
[EventDate "1996.??.??"]

{3/1} 1. d4 Nf6 2. c4 e6 3. Nf3 d5 4. Bg5 c6 5. Nc3 dxc4 6. a4 c5 7. e3 cxd4 8.
exd4 Be7 9. Bxc4 O-O 10. Qe2 Nbd7 11. O-O Nd5 12. Bxe7 Nxe7 13. Rfd1 Nf6 14.
Rac1 b6 15. Ne5 Bb7 16. Ba6 Bxa6 17. Qxa6 Nfd5 18. Ne4 f6 19. Nf3 Qd7 20. Rc4
Rfc8 21. Rdc1 Rxc4 22. Rxc4 e5 23. h3 exd4 24. Rxd4 Qc8 25. Qd3 Qe6 26. Qb3 Rd8
27. Nc3 g6 28. Re4 Qf7 29. Rd4 Kg7 30. Nd2 f5 31. Nc4 Qf6 32. Rd2 Qc6 33. Qb5
Qa8 34. f3 Nf6 35. Qe5 Ned5 36. Nxd5 Rxd5 37. Qe7+ Kh6 38. Qxf6 Rxd2 39. Nxd2
Qd5 40. Qc3 b5 41. axb5 Qxb5 42. Qe3+ Kg7 43. Qxa7+ Kh6 44. Qd4 g5 45. Nc4 f4
46. Qb6+ Qxb6+ 47. Nxb6 Kh5 48. Nd5 Kh4 49. Nf6 h5 50. b4 g4 51. hxg4 hxg4 52.
Nxg4 1-0

[Event "Detroit (Class B/5/11)"]
[Site "?"]
[Date "1996.??.??"]
[Round "?"]
[White "Lobb, K."]
[Black "Raupp, Kenneth L"]
[Result "0-1"]
[WhiteElo "1680"]
[BlackElo "1675"]
[PlyCount "96"]
[EventDate "1996.??.??"]

{5/(11)} 1. e4 e6 2. Nf3 d5 3. e5 c5 4. Bb5+ Bd7 5. Bxd7+ Qxd7 6. d4 Nc6 7. O-O
cxd4 8. Nxd4 Nxe5 9. Bf4 Ng6 10. Bg3 Bd6 11. Bxd6 Qxd6 12. Nc3 N8e7 13. Re1 O-O
14. Nf3 a6 15. a3 Rac8 16. Qd2 h6 17. Ne4 Qf4 18. Nc3 Qxd2 19. Nxd2 b5 20. Rac1
Rc7 21. Nf3 Rfc8 22. Nd4 e5 23. Nb3 d4 24. Ne4 Rxc2 25. Rb1 f5 26. Ned2 a5 27.
Nf3 Nc6 28. Kf1 d3 29. Na1 Rc5 30. b4 axb4 31. axb4 Rd5 32. Nd2 Nd4 33. Rec1
Nc2 34. Rb2 Ne3+ 35. fxe3 Rxc1+ 36. Kf2 Rxa1 37. Nb1 Rxb1 38. Rxb1 e4 39. Ke1
Ne5 40. Kd2 Nc4+ 41. Kd1 Nxe3+ 42. Kd2 Nxg2 43. Rc1 e3+ 44. Kd1 d2 45. Rc2 Nf4
46. Rc8+ Kf7 47. Rc7+ Ke6 48. Rc6+ Kd7 0-1

[Event "Detroit (Class B/3/11)"]
[Site "?"]
[Date "1996.??.??"]
[Round "?"]
[White "Lobb, K."]
[Black "Barta, Roger"]
[Result "0-1"]
[WhiteElo "1680"]
[BlackElo "1675"]
[PlyCount "100"]
[EventDate "1996.??.??"]

{3/(11)} 1. e4 e6 2. Nf3 d5 3. exd5 exd5 4. d4 Bd6 5. Bd3 Nc6 6. O-O Nge7 7.
Re1 Bg4 8. c3 Qd7 9. Be2 O-O-O 10. Ne5 Bxe2 11. Qxe2 Bxe5 12. dxe5 Ng6 13. e6
fxe6 14. Qxe6 Rde8 15. Qxd7+ Kxd7 16. Rd1 Kd6 17. c4 Nb4 18. Na3 c6 19. cxd5
Nxd5 20. Nc4+ Kc7 21. Ne3 Ngf4 22. Nxd5+ Nxd5 23. Bd2 Re2 24. Kf1 Rhe8 25. Rab1
g6 26. Be3 Nxe3+ 27. Kxe2 Nxd1+ 28. Kxd1 Re5 29. Kd2 Kd6 30. Rc1 a5 31. Rc4 b5
32. Rh4 Rd5+ 33. Kc2 Rf5 34. f3 Re5 35. Re4 Rxe4 36. fxe4 Ke5 37. Kd3 g5 38.
Ke3 c5 39. g3 h5 40. h4 g4 41. b3 a4 42. bxa4 bxa4 43. Kd3 c4+ 44. Kxc4 Kxe4
45. Kb4 Kf3 46. Kxa4 Kxg3 47. Kb5 Kxh4 48. a4 g3 49. a5 g2 50. a6 g1=Q 0-1

[Event "Lansing (MOR/2/25)"]
[Site "?"]
[Date "1996.??.??"]
[Round "?"]
[White "Liu, Zhong"]
[Black "Imai, Toshio"]
[Result "0-1"]
[WhiteElo "1605"]
[BlackElo "1700"]
[PlyCount "60"]
[EventDate "1996.??.??"]

{2/(25)} 1. e4 e5 2. Nf3 Nc6 3. Bb5 Bc5 4. c3 f5 5. d4 fxe4 6. Nxe5 Be7 7. Qh5+
g6 8. Nxg6 Nf6 9. Qh6 Rg8 10. Nxe7 Qxe7 11. Bg5 Rg6 12. Bxf6 Qxf6 13. Qh5 Kf8
14. O-O Rg5 15. Qh4 Rxg2+ 16. Kxg2 Qxh4 17. Nd2 d5 18. Be2 Qg5+ 19. Kh1 Qxd2
20. Bh5 Kg7 21. Rad1 Qxb2 22. f4 Bf5 23. Rg1+ Kf6 24. Rde1 Qxc3 25. Re2 e3 26.
Reg2 Be4 27. h4 e2 28. Kh2 Bxg2 29. Rxg2 e1=Q 30. Rg5 Qf2+ 0-1

[Event "Lansing (MOR/4/28)"]
[Site "?"]
[Date "1996.??.??"]
[Round "?"]
[White "Liu, Zhong"]
[Black "Boyle, John"]
[Result "0-1"]
[WhiteElo "1605"]
[BlackElo "1605"]
[PlyCount "55"]
[EventDate "1996.??.??"]

{4/(28)} 1. e4 c5 2. c3 d6 3. d4 cxd4 4. cxd4 Nc6 5. Bb5 Bd7 6. Nf3 a6 7. Ba4
b5 8. Bb3 g6 9. O-O Bg7 10. Ng5 Nh6 11. Be3 O-O 12. Nc3 Ng4 13. Qf3 Nf6 14. h3
Na5 15. Bc2 h6 16. e5 Bc6 17. Qg3 Nh5 18. Qh4 dxe5 19. Nf3 exd4 20. Bxd4 Bxf3
21. Bxg7 Kxg7 22. gxf3 Nc4 23. b3 Nd2 24. Be4 Rc8 25. Rad1 Rxc3 26. Qf4 Nxf3+
27. Bxf3 Rd3 28. Qe5+ {[Remainder illegible; 0-1, 57?]} 0-1